000 005470000a22001810004500
003 MACL
005 20160306142928.0
008 160306b xxu||||| |||| 00| 0 eng d
040 _aMACL
_cMACL
041 _aHindi
082 _a891.433
100 _aराजेन्‍द्र अवस्‍थी तृषित
_943556
245 _aमहुआ आम के जंगल
260 _bबम्‍बई प्रकाशन
_c1959
_aबम्‍बई
350 _a2.50
650 _aStories
_943557
942 _cHIN
_k891.433
_2ddc
999 _c25604
_d25604